Περιβαλλοντική τεχνολογία
Αποθηκεύτηκε σε:
| Κύριοι συγγραφείς: | , , |
|---|---|
| Μορφή: | Βιβλίο |
| Γλώσσα: | Greek |
| Δημοσίευση: |
Αθήνα :
Συμμετρία,
2008.
|
| Θέματα: | |
| Ετικέτες: |
Προσθήκη ετικέτας
Δεν υπάρχουν, Καταχωρήστε ετικέτα πρώτοι!
|
MARC
| LEADER | 00000nam a2200000 a 4500 | ||
|---|---|---|---|
| 001 | 1/116306 | ||
| 008 | 180424s2008####gr a ||| |||| ||gre|| | ||
| 020 | |a 9789602662410 | ||
| 040 | |a GR-MyUa |b gre |c GR-MyUa |e AACR2 | ||
| 041 | 0 | |a gre | |
| 082 | 7 | |a 628.3 |2 (23) | |
| 100 | 1 | |a Ανδρεαδάκης, Ανδρέας. | |
| 245 | 1 | 0 | |a Περιβαλλοντική τεχνολογία / |c Ανδρέας Ανδρεαδάκης, Μαρίνα Πανταζίδου, Αντώνης Σταθόπουλος. |
| 260 | |a Αθήνα : |b Συμμετρία, |c 2008. | ||
| 300 | |a 380 σ. : |b εικ.σ ; |c 24 εκ. | ||
| 504 | |a Περιλαμβάνει βιβλιγοραφία. | ||
| 650 | 0 | |a Environmental engineering. | |
| 650 | 0 | |a Sewage disposal plants. | |
| 650 | 0 | |a Sewage disposal | |
| 650 | 0 | |a Sewage |x Purification |x Biological treatment. | |
| 700 | 1 | |a Πανταζίδου, Μαρίνα, |e aut | |
| 700 | 1 | |a Σταθόπουλος, Αντώνης, |e aut | |
| 852 | |a INST |b LESVOS |c EUDOXUS |e 20180424 |h 628.3 ΑΝΔ |p 005100060170 |q 005100060170 |t EDX |y 0 | ||
| 920 | |a Εύδοξος |b Παραγγελία |y Λέσβος |z 2018-04 | ||
| 970 | |a Τζαφέρη |b Ευαγγελία |z 24-04-2018 | ||